| 000 | 00462nam a2200169 a 4500 | ||
|---|---|---|---|
| 001 | 1348 | ||
| 003 | CDMR | ||
| 005 | 20130717124536.0 | ||
| 008 | 130130s19931994||||||||||||||||||||||||d | ||
| 040 |
_aCDMR _bcat _cCPC GIRONA |
||
| 100 | 1 |
_aGuilleré, Christian _91046 |
|
| 245 | 1 | 0 |
_aGirona al segle XIV _cGuilleré, Christian |
| 260 |
_c1993-1994 _bPublicacions de l'Abadia de Montserrat |
||
| 300 | _a2v. | ||
| 490 | 0 |
_aBiblioteca Abat Oliba _v132 |
|
| 942 |
_cMON _2udc |
||
| 999 |
_c1348 _d1348 |
||